000 03655cam a22003735a 4500
001 15592954
003 EG-ScBUE
005 20221215092634.0
008 090121s2007 ua ab f b 00010 eeng d
020 _a184511549X (cloth)
020 _a9789774160776 (cloth)
035 _a(OCoLC)ocn156831779
040 _aBTCTA
_beng
_erda
_cSTF
_dBTCTA
_dBAKER
_dYDXCP
_dBWK
_dCGU
_dYBM
_dUKM
_dCDX
_dCOO
_dDLC
_dEG-ScBUE
043 _af-ua---
082 0 4 _a726.2096216
_bBEH
_222
100 1 _aBehrens-Abouseif, Doris,
_eauthor.
_923004
245 1 0 _aCairo of the Mamluks :
_ba history of the architecture and its culture /
_cDoris Behrens-Abouseif.
264 1 _aCairo ;
_aNew York :
_bThe American Cairo University Press,
_c2007.
300 _axix, 359 pages :
_billustrations (chiefly color), maps ;
_c30 cm
336 _2rdacontent
_atext
_btxt
337 _2rdamedia
_aunmediated
_bn
338 _2rdacarrier
_avolume
_bnc
504 _aIncludes bibliographical references and index.
505 0 _aThe Mamluk Sultanate (1250-1517) -- Pious patronage -- Motivation and perception of monumental patronage -- The patronage of the civilian elite -- Ceremonial culture -- Treasures, status and style -- Construction : organization and cost -- The growth of the Metropolis -- The Metropolitan architectural style -- The evolution of Mamluk architecture in Cairo -- The successors of the Ayyubids -- The reign of al-Zahir Baybars -- From al-Mansur Qalawun to al-Nasir Muhammad -- The early period of al-Nasir Muhammad's reign -- Al-Nasir Muhammad's Third Reign and after -- The reign of al-Nasir Hasan and after -- The reign of al-Nasir Faraj Ibn Barquq -- The reign of al-Mu'ayyad Shaykh -- The reign of al-Ashraf Barsbay -- The reign of al-Zahir Jaqmaq -- The reign of al-Ashraf Inal -- The reign of al-Ashraf Qaytbay -- The reign of al-Ashraf Qansuh al-Ghawri.
520 _a"Cairo of the Mamluks was 'a city beyond imagination', wrote the Arab philosopher Ibn Khaldun. The Mamluk sultans entered history as military slaves recruited by the last Ayyubid sultan of Egypt, and took advantage of the mid-thirteenth century power vacuum to establish themselves as rulers. They designed their capital to be the heart of the Muslim world. It became the focus of their enormous patronage of art and architecture, the stage for their ceremonial rituals, and a memorial to their achievements. This history of Mamluk architecture examines the monuments of the Mamluks in their social, political and urban context during the period of their rule between 1250 and 1517. The book displays the multiple facets of Mamluk patronage, and also provides a succinct discussion of sixty monuments in Cairo. This is a richly illustrated volume with colour photograhps, plans and isometric drawings." "The unique strength of Doris Behrens-Abouseif's work lies in its scholarly yet engaging presentation of original material diligently researched in the waqf (religious endowments) archives, including architectural plans and personal endowment records. It presents a wealth of material, much of it never before published. As such it will form an essential reference work for scholars and students of the art and architecture of the Islamic world as well as art historians and historians of late medieval Islamic history."--Jacket.
650 7 _aIslamic architecture
_zEgypt
_zCairo.
_2BUEsh
_923005
650 7 _aArchitecture, Mameluke
_zEgypt
_zCairo.
_2BUEsh
_923006
650 7 _aMosques
_zEgypt
_zCairo.
_2BUEsh
_923007
650 7 _aTombs
_zEgypt
_zCairo.
_2BUEsh
_923008
651 _2BUEsh
653 _bENGARC
_bCOMAME
_cApril2011
_cFebruary2019
655 _vReading book
942 _2ddc
_cBB
999 _c15101
_d15101